Complete guide to microsoft office (Record no. 79)

MARC details
000 -LEADER
fixed length control field 00592cam a2200229ua 4500
008 - FIXED-LENGTH DATA ELEMENTS--GENERAL INFORMATION
fixed length control field 110316n ii |||gr||||Z||||||eng
020 ## - INTERNATIONAL STANDARD BOOK NUMBER
International Standard Book Number 81-7635-312-4
040 ## - CATALOGING SOURCE
Transcribing agency MAIN
082 ## - DEWEY DECIMAL CLASSIFICATION NUMBER
Classification number 005.4
100 ## - MAIN ENTRY--PERSONAL NAME
Personal name Norton, Peter.,
245 1# - TITLE STATEMENT
Title Complete guide to microsoft office
Statement of responsibility, etc. by Peter Norton
250 ## - EDITION STATEMENT
Edition statement 1st.
260 ## - PUBLICATION, DISTRIBUTION, ETC.
Place of publication, distribution, etc. New Delhi:
Name of publisher, distributor, etc. Techmedia,999.
300 ## - PHYSICAL DESCRIPTION
Extent xix, 792p.:
Other physical details ill.;
Dimensions 30cm.
700 ## - ADDED ENTRY--PERSONAL NAME
Personal name Freeze, Jill T.,
700 ## - ADDED ENTRY--PERSONAL NAME
Personal name Freeze, Wayne S.,
Relator term
942 ## - ADDED ENTRY ELEMENTS (KOHA)
Koha item type Books
653 ## - INDEX TERM--UNCONTROLLED
Uncontrolled term Computer science
653 ## - INDEX TERM--UNCONTROLLED
Uncontrolled term Computer programming
653 ## - INDEX TERM--UNCONTROLLED
Uncontrolled term Microsoft office
Holdings
Withdrawn status Lost status Damaged status Not for loan Home library Current library Shelving location Date acquired Total Checkouts Full call number Barcode Date last seen Copy number Price effective from Koha item type
        Central Library, Naharkatiya College Central Library, Naharkatiya College General Stacks 19/09/2020   005.4 | NOR 17304 19/09/2020 1 19/09/2020 Books

Naharkatiya College © 2020. All rights reserved.

Powered By